Elementos para una criminología local políticas de prevención del crimen y la violencia en ámbitos urbanos (Registro nro. 59207)
[ vista simple ]
| 000 -ENCABEZADO | |
|---|---|
| Número de control [NR] | 00877nam a2200229Ia 4500 |
| 008 - DE LONGITUD FIJA DE DATOS DE ELEMENTOS - INFORMACIÓN GENERAL | |
| Elementos de longitud fija [NR] | 130821s2003 ck gr spa |
| 020 ## - NUMERO INTERNACIONAL NORMALIZADO PARA LIBROS [R] | |
| Número Internacional Normalizado del libro [NR] | 9589732747 |
| 040 ## - FUENTE DE CATALOGACION [NR] | |
| Agencia de catalogación original [NR] | Co-BoUCM |
| Idioma de catalogación [NR] | spa |
| 041 00 - CODIGO DE IDIOMA [R] | |
| Código de idioma para texto/pista de sonido o título separado [R] | Español |
| 245 10 - MENCION DE TITULO [NR] | |
| Título [NR] | Elementos para una criminología local políticas de prevención del crimen y la violencia en ámbitos urbanos |
| Mención de responsabilidad, etc. [NR] | compilador, María Victoria Llorente...[et al] |
| 260 ## - PUBLICACION, DISTRIBUCION, ETC. (PIE DE IMPRENTA) [R] | |
| Lugar de publicación, distribución, etc. [R] | Bogotá (Colombia) |
| Nombre del editor, distribuidor, etc. [R] | Secretaria de Gobierno de Bogotá |
| Fecha de publicación, distribución, etc. [R] | 2003 |
| 300 ## - DESCRIPCION FISICA [R] | |
| Extensión [R] | 424 páginas |
| 650 04 - ASIENTO SECUNDARIO DE MATERIA - TERMINO TEMATICO [R] | |
| Término temático o nombre geográfico como elemento de entrada [NR] | Criminología |
| 9 (RLIN) | 12152 |
| 650 04 - ASIENTO SECUNDARIO DE MATERIA - TERMINO TEMATICO [R] | |
| Término temático o nombre geográfico como elemento de entrada [NR] | Política pública |
| 9 (RLIN) | 22011 |
| 650 04 - ASIENTO SECUNDARIO DE MATERIA - TERMINO TEMATICO [R] | |
| Término temático o nombre geográfico como elemento de entrada [NR] | Prevención del delito |
| 9 (RLIN) | 22272 |
| 650 04 - ASIENTO SECUNDARIO DE MATERIA - TERMINO TEMATICO [R] | |
| Término temático o nombre geográfico como elemento de entrada [NR] | Violencia |
| 9 (RLIN) | 422 |
| 700 1# - ASIENTO SECUNDARIO - NOMBRE PERSONAL [R] | |
| Nombre personal [NR] | Holguín, María Cristina |
| Término de relación [R] | |
| 9 (RLIN) | 164892 |
| 700 1# - ASIENTO SECUNDARIO - NOMBRE PERSONAL [R] | |
| Nombre personal [NR] | Llorente, Maria Victoria |
| Término de relación [R] | |
| 9 (RLIN) | 139417 |
| 700 1# - ASIENTO SECUNDARIO - NOMBRE PERSONAL [R] | |
| Nombre personal [NR] | Rubio, Mauricio |
| Término de relación [R] | |
| 9 (RLIN) | 28415 |
| 942 ## - ELEMENTOS DE ENTRADA AGREGADOS (KOHA) | |
| Tipo de ítem principal el descrito en 300a | Libro |
| Tema principal | Sociología |
| Edición | 1 |
| Parte restante de la signatura top. | E389e |
| Sistema de clasificación | DEWEY |
| Clasificación | 364.4 |
| Fecha de último préstamo | Total préstamos | Total Renewals | Signatura topográfica | Código de barras | Última vez visto | Ejemplar | Price effective from | Tipo de ítem | Nota pública (OPAC) | Perdido | Sistema de clasificación | Dañado | No prestable | Tipo de ítem específico | Suprimido | Ubicación habitual | Ubicación actual | Localización | Fecha de creación | Forma de adquisición | Costo |
|---|---|---|---|---|---|---|---|---|---|---|---|---|---|---|---|---|---|---|---|---|---|
| 10/05/2017 | 3 | 4 | 364.4 E389e | 100096450 | 04/12/2025 | Ej.1 | 03/02/2013 | Libro | Spot Criminología e Investigación Criminal | DEWEY | Libro | Claustro | Claustro | 3er piso | 28/02/2013 | Donación | 26000.00 |